Marshall Islands Country Quiz - Statistics

General Stats
  • This quiz has been taken 20,500 times
    20,461 since last reset
  • The average score is 9 of 14
Answer Stats
Hint Answer % Correct
Official languages English
98%
Country which occupied the Marshall Islands from 1914–1944 Japan
91%
Country from which Marshall Islands gained their independence in 1986 United States
91%
Oceanian sub-region the Marshall Islands are part of {Micro}nesia
90%
Because of this, the Marshall Islands are often considered to be one of the countries most-threatened by this phenomenon Climate Change
79%
Coral atoll on which the United States tested 23 nuclear bombs {Bikini} Atoll
78%
The Marshall Islands has the second lowest average _____ of any country, after the Maldives Elevation
77%
The world's largest land arthropod Coconut {Crab}
63%
Capital of Marshall Islands Majuro
58%
Technically, the Marshall Islands has the fourth largest merchant ____ in the world, due to its use as a common "flag of convenience" Navy
57%
Official languages Marshallese
53%
Treaty which closely ties the Marshall Islands to the above, allowing people to freely move between the two countries Compact of Free {Association}
35%
Name of the largest atmospheric nuclear test the United States ever conducted Castle {Bravo}
27%
Unincorporated territory of the United States claimed by the Marshall Islands, site of a WWII battle {Wake} Island
25%
No matching quizzes found
Score Distribution
Percent of People with Each Score
Percentile by Number Answered
Your Score History
You have not taken this quiz since the last reset